| 000 | 01677nam0a22002291 4500 | ||
|---|---|---|---|
| 001 | rc\3538468 | ||
| 005 | 20260407021023.0 | ||
| 035 | _a(NLR Aleph) 007632516 | ||
| 090 |
_a6038463 _c6038463 |
||
| 100 | _a20130115a19719999|||y0rusy50 ca | ||
| 101 | 0 | _arus | |
| 102 | _aRU | ||
| 105 | _ay b ||||| | ||
| 200 | 1 |
_aТруды Всесоюзного научно-исследовательского и проектного института по организации и экономике материально-технического снабжения сельского хозяйства, технологии хранения и использования удобрений и ядохимикатов [ВНИИМСХ] _fВсесоюз. объединение "Союзсельхозтехника" Совета Министров СССР ВНИИМСХ |
|
| 210 |
_aРязань _cБ. и. _d1971- |
||
| 710 | 0 | 2 |
_aВсесоюзный научно-исследовательский и проектный институт по организации и экономике материально-технического снабжения сельского хозяйства, технологии хранения и использования удобрений и ядохимикатов _cРязань _3RU\NLR\AUTH\8810005914 _9509274 |
| 801 | 0 |
_aRU _bNLR _gpsbo |
|
| 801 | 1 |
_aRU _bELAR _2rusmarc |
|
| 830 | _aПеречень имеющихся в библиотеке томов, номеров, годов этого издания смотри в каталоге периодических изданий | ||
| 852 |
_aNLR _jП22/3475 |
||
| 942 | _cBOOK | ||
| 980 | _aNB | ||